{"text_format":"3","workbook":"xlsx","n_sheets":2,"sheets":["list","data"],"not_rendered":{"defined_names":3},"read":"whole","date_system":"1900"}

{"sheet":"list","index":0,"n_rows":64,"n_cols":11,"rows_kept":64}
["№","Фамлия","Имя","Отчество","Пол","Класс","Классучастия","Балл","Макс.Балл","Статус","Учитель"]
[1,3,4,5,6,9,10,11,12,13,15]
[1,"Адеев","Амиль","Айратович","м",5,5,"18.8",25,"призер","Стеганцева Ирина Петровна"]
[2,"Антонова","Аэлита","Андреевна","ж",5,5,"11.8",25,"участник","Стеганцева Ирина Петровна"]
[3,"Будрин","Лев","Иванович","м",5,5,"3.7",25,"участник","Стеганцева Ирина Петровна"]
[4,"Гузев","Данил","Павлович","м",5,5,"19.1",25,"призер","Стеганцева Ирина Петровна"]
[5,"Калясев","Роман","Николаевич","м",5,5,"5.0",25,"участник","Стеганцева Ирина Петровна"]
[6,"Кондратьев","Денис","Дамирович","м",5,5,"4.0",25,"участник","Стеганцева Ирина Петровна"]
[7,"Скворцов","Данис","Дмитриевич","м",5,5,"13.8",25,"призер","Стеганцева Ирина Петровна"]
[8,"Урлагов","Платон","Александрович","м",5,5,"16.1",25,"призер","Стеганцева Ирина Петровна"]
[9,"Хафизов","Гамиль","Ленарович","м",5,5,"20.8",25,"победитель","Стеганцева Ирина Петровна"]
[10,"Шарифуллин","Ранэль","Ришатович","м",5,5,"20.0",25,"победитель","Стеганцева Ирина Петровна"]
[11,"Бряндин","Ярослав","Максимович","м",5,5,"18.0",25,"призер","Стеганцева Ирина Петровна"]
[12,"Добрынин","Ярослав","Дмитриевич","м",5,5,"15.1",25,"призер","Стеганцева Ирина Петровна"]
[13,"Зарипов","Таир","Равилевич","м",5,5,"14.1",25,"призер","Стеганцева Ирина Петровна"]
[14,"Ущека","Дмитрий","Максимович","м",5,5,"15.8",25,"призер","Стеганцева Ирина Петровна"]
[15,"Шарафиев","Азамат","Максимович","м",5,5,"19.8",25,"призер","Стеганцева Ирина Петровна"]
[16,"Галиакбаров","Тимур","Марселевич","м",7,7,"13.5",30,"участник","Стеганцева Ирина Петровна"]
[17,"Догарев","Даниил","Павлович","м",7,7,"16.3",30,"призер","Стеганцева Ирина Петровна"]
[18,"Микрюков","Андрей","Павлович","м",7,7,"15.5",30,"призер","Стеганцева Ирина Петровна"]
[19,"Гусейханова","Радмила","Анатольевна","ж",7,7,"19.5",30,"призер","Стеганцева Ирина Петровна"]
[20,"Казарина","Аделина","Максимовна","ж",7,7,"19.0",30,"призер","Стеганцева Ирина Петровна"]
[21,"Котрова","Софья","Александровна","ж",7,7,"16.8",30,"призер","Стеганцева Ирина Петровна"]
[22,"Мухиярова","Юлия","Сергеевна","ж",7,7,"21.0",30,"призер","Стеганцева Ирина Петровна"]
[23,"Наумова","Елизавета","Алексеевна","ж",7,7,"17.8",30,"призер","Стеганцева Ирина Петровна"]
[24,"Гафуров","Альфир","Русланович","м",7,7,"14.9",30,"участник","Стеганцева Ирина Петровна"]
[25,"Олейников","Кирилл","Денисович","м",7,7,"12.5",30,"участник","Стеганцева Ирина Петровна"]
[26,"Сорокин","Данил","Вячеславович","м",7,7,"11.5",30,"участник","Стеганцева Ирина Петровна"]
[27,"Бессонова","Валерия","Андреевна","ж",8,8,"16.1",33,"участник","Стеганцева Ирина Петровна"]
[28,"Загиров","Азамат","Ильназович","м",8,8,"19.3",33,"призер","Стеганцева Ирина Петровна"]
[29,"Нурмехаметов","Роман","Ильгизарович","м",8,8,"16.6",33,"призер","Стеганцева Ирина Петровна"]
[30,"Пирожков","Савва","Андреевич","м",8,8,"16.3",33,"участник","Стеганцева Ирина Петровна"]
[31,"Форов","Амир","Игоревич","м",8,8,"17.3",33,"призер","Стеганцева Ирина Петровна"]
[32,"Хасанов","Карим","Артурович","м",8,8,"16.6",33,"призер","Стеганцева Ирина Петровна"]
[33,"Ванюшин","Константин","Алексеевич","м",8,8,"16.8",33,"призер","Стеганцева Ирина Петровна"]
[34,"Давлетшин","Тимур","Эдуардович","м",8,8,"10.5",33,"участник","Стеганцева Ирина Петровна"]
[35,"Майборода","Алексей","Антонович","м",8,8,"10.5",33,"участник","Стеганцева Ирина Петровна"]
[36,"Макаров","Савелий","Борисович","м",8,8,"13.1",33,"участник","Стеганцева Ирина Петровна"]
[37,"Мухаметгараев","Амир","Ильнурович","м",8,8,"17.3",33,"участник","Стеганцева Ирина Петровна"]
[38,"Некрасова","Нелли","Кирилловна","м",8,8,"8.1",33,"участник","Стеганцева Ирина Петровна"]
[39,"Тимирбулатов","Марсель","Филюсович","м",8,8,"9.5",33,"участник","Стеганцева Ирина Петровна"]
[40,"Халходжаева","Осия","Хайруллоевна","ж",8,8,"8.1",33,"участник","Стеганцева Ирина Петровна"]
[41,"Шангареева","Мерием","Рифатовна","ж",8,8,"10.1",33,"участник","Стеганцева Ирина Петровна"]
[42,"Карлаш","Владислав","Андреевич","м",8,8,"18.6",33,"призер","Стеганцева Ирина Петровна"]
[43,"Кузнецов","Ярослав","Андреевич","м",8,8,"15.8",33,"участник","Стеганцева Ирина Петровна"]
[44,"Маликов","Тимур","Ранисович","м",8,8,"14.1",33,"участник","Стеганцева Ирина Петровна"]
[45,"Панченко","Даниил","Сергеевич","м",8,8,"18.6",33,"призер","Стеганцева Ирина Петровна"]
[46,"Агафонов","Вильдан","Айратович","м",9,9,"18.5",56,"участник","Стеганцева Ирина Петровна"]
[47,"Коноплёва","Яна","Сергеевна","ж",9,9,"17.1",56,"участник","Стеганцева Ирина Петровна"]
[48,"Лунин","Вениамин","Евгеньевич","м",9,9,"15.5",56,"участник","Стеганцева Ирина Петровна"]
[49,"Чернышов","Кирилл","Дмитриевич","м",9,9,"15.0",56,"участник","Стеганцева Ирина Петровна"]
[50,"Абызов","Алексей","Игоревич","м",9,9,"29.8",56,"призер","Стеганцева Ирина Петровна"]
[51,"Кокорев","Александр","Евгеньевич","м",9,9,"23.6",56,"участник","Стеганцева Ирина Петровна"]
[52,"Кочнев","Артём","Борисович","м",9,9,"14.8",56,"участник","Стеганцева Ирина Петровна"]
[53,"Храмова","София","Максимовна","ж",9,9,"20.3",56,"участник","Стеганцева Ирина Петровна"]
[54,"Варламов","Глеб","Марселевич","м",9,9,"13.9",56,"участник","Стеганцева Ирина Петровна"]
[55,"Селезнева","Забава","Александровна","ж",9,9,"31.3",56,"призер","Стеганцева Ирина Петровна"]
[56,"Султанаев","Матвей","Андреевич","м",9,9,"19.3",56,"участник","Стеганцева Ирина Петровна"]
[57,"Мустафин","Роберт","Айратович","м",10,10,"26.5",63,"участник","Стеганцева Ирина Петровна"]
[58,"Натфуллина","Эллина","Амировна","ж",10,10,"31.3",63,"призер","Стеганцева Ирина Петровна"]
[59,"Сёмин","Никита","Алексеевич","м",10,10,"12.0",63,"участник","Стеганцева Ирина Петровна"]
[60,"Чеботарев","Ярослав","Викторович","м",10,10,"27.1",63,"участник","Стеганцева Ирина Петровна"]
[61,"Ганиев","Георгий","Дмитриевич","м",11,11,"26.1",70,"участник","Стеганцева Ирина Петровна"]
[62,"Радостев","Роман","Дмитриевич","м",11,11,"2.0",70,"участник","Стеганцева Ирина Петровна"]

{"sheet":"data","index":1,"n_rows":25,"n_cols":3,"rows_kept":25,"hidden":true}
[]
["Техника, технология и техническое творчество .  Ручная обработка древесины"]
["Техника, технология и техническое творчество .  Ручная обработка металла"]
["Техника, технология и техническое творчество .  Механическая обработка древесины"]
["Техника, технология и техническое творчество .  Механическая обработка металла"]
["Техника, технология и техническое творчество .  Электротехника"]
["Техника, технология и техническое творчество .  Робототехника"]
["Техника, технология и техническое творчество .  3d - моделирование и печать"]
["Техника, технология и техническое творчество .  Обработка материалов на лазерно-гравировальной машине"]
["Техника, технология и техническое творчество .  Промышленный дизайн"]
["Культура дома, дизайн и технологии .  Обработка швейного изделия или узла + моделирование швейных изделий"]
["Культура дома, дизайн и технологии .  Обработка швейного изделия или узла + моделирование швейных изделий с использованием графических редакторов"]
["Культура дома, дизайн и технологии .  Обработка швейного изделия или узла на швейно-вышивальном оборудовании + моделирование швейных изделий"]
["Культура дома, дизайн и технологии .  Обработка швейного изделия или узла на швейно-вышивальном оборудовании + моделирование швейных изделий с использованием графических редакторов"]
["Культура дома, дизайн и технологии .  Робототехника"]
["Культура дома, дизайн и технологии .  3d - моделирование и печать"]
["Культура дома, дизайн и технологии .  Обработка материалов на лазерно-гравировальной машине"]
["Культура дома, дизайн и технологии .  Промышленный дизайн"]
["Роботехника .  "]
["Информационная безопасность ."]
[]
[]
["участник"]
["призер",null,"да"]
["победитель"]